[Event "VIII Lorca Open-A 2019"]
[Site "Lorca"]
[Date "2019.12.29"]
[Round "6.6"]
[White "Klekowski, Maciej"]
[Black "Krysa, Leandro"]
[Result "1/2-1/2"]
[WhiteElo "2514"]
[BlackElo "2527"]
[Annotator "ChessBase"]
[PlyCount "54"]
[EventDate "2019.12.26"]
[EventType "swiss"]
[EventCountry "ESP"]
[SourceTitle "playchess.com"]
[Source "ChessBase"]
[SourceQuality "1"]
[TimeControl "5400+30"]

1. c4 {[%emt 1:30:30]} e6 {[%emt 1:30:30]} 2. Nf3 {[%emt 0:00:30]} d5 {[%emt 0:00:30]} 3. g3 {[%emt 0:00:30]} dxc4 {[%emt 0:00:30]} 4. Qa4+ {[%emt 0:00:30]} Nd7 {[%emt 0:00:30]} 5. Qxc4 {[%emt 0:00:30]} a6 {[%emt 0:00:30]} 6. Bg2 {[%emt 0:00:30]} b5 {[%emt 0:00:30]} 7. Qc2 {[%emt 0:00:30]} Bb7 {[%emt 0:00:30]} 8. O-O {[%emt 0:00:30]} c5 {[%emt 0:00:30]} 9. a4 {[%emt 0:00:30]} Ngf6 {[%emt 0:00:30]} 10. Nc3 {[%emt 0:00:30]} Qb6 {[%emt 0:00:30]} 11. axb5 {[%emt 0:00:30]} axb5 {[%emt 0:00:30]} 12. Rxa8+ {[%emt 0:00:30]} Bxa8 {[%emt 0:00:30]} 13. d3 {[%emt 0:00:30]} Be7 {[%emt 0:00:30]} 14. Be3 {[%emt 0:00:30]} O-O {[%emt 0:00:30]} 15. h3 {[%emt 0:00:30]} Qa6 {[%emt 0:00:30]} 16. Qb3 {[%emt 0:00:30]} b4 {[%emt 0:00:30]} 17. Nb1 {[%emt 0:00:30]} Bd5 {[%emt 0:00:30]} 18. Qc2 {[%emt 0:00:30]} c4 {[%emt 0:00:30]} 19. Rc1 {[%emt 0:00:30]} cxd3 {[%emt 0:00:30]} 20. Qxd3 {[%emt 0:00:30]} Qxd3 {[%emt 0:00:30]} 21. exd3 {[%emt 0:00:30]} Ra8 {[%emt 0:00:30]} 22. Nbd2 {[%emt 0:00:30]} h6 {[%emt 0:00:30]} 23. Bd4 {[%emt 0:00:30]} Ne8 {[%emt 0:00:30]} 24. Nc4 {[%emt 0:00:30]} Rc8 {[%emt 0:00:30]} 25. Nfd2 {[%emt 0:00:30]} Bxg2 {[%emt 0:00:30]} 26. Kxg2 {[%emt 0:00:30]} Nd6 {[%emt 0:00:30]} 27. Ra1 {[%emt 0:00:30]} Nb5 {[%emt 0:00:30]} 1/2-1/2

[Event "VIII Lorca Open-A 2019"]
[Site "Lorca"]
[Date "2019.12.29"]
[Round "6.7"]
[White "Marin, Mihail"]
[Black "Mieles Palau, Daniel"]
[Result "1-0"]
[WhiteElo "2496"]
[BlackElo "2382"]
[Annotator "ChessBase"]
[PlyCount "107"]
[EventDate "2019.12.26"]
[EventType "swiss"]
[EventCountry "ESP"]
[SourceTitle "playchess.com"]
[Source "ChessBase"]
[SourceQuality "1"]
[TimeControl "5400+30"]

1. c4 {[%emt 0:00:00]} e6 {[%emt 0:00:54]} 2. g3 {[%emt 0:00:00]} d5 {[%emt 0:00:35]} 3. Bg2 {[%emt 0:00:00]} dxc4 {[%emt 0:00:59]} 4. Nf3 {[%emt 0:00:03]} a6 {[%emt 0:00:26]} 5. O-O {[%emt 0:00:08]} Nf6 {[%emt 0:05:46]} 6. Qc2 {[%emt 0:00:14]} Bd6 {[%emt 0:03:15]} 7. Qxc4 {[%emt 0:05:24]} b5 {[%emt 0:00:05]} 8. Qc2 {[%emt 0:00:06]} Bb7 {[%emt 0:00:17]} 9. a4 {[%emt 0:00:08]} Nbd7 {[%emt 0:03:19]} 10. Nc3 {[%emt 0:01:06]} b4 {[%emt 0:02:54]} 11. Nd1 {[%emt 0:02:08]} c5 {[%emt 0:00:16]} 12. Ne3 {[%emt 0:00:14]} a5 {[%emt 0:00:15]} 13. Nc4 {[%emt 0:00:16]} Be7 {[%emt 0:00:04]} 14. d3 {[%emt 0:01:14]} Rc8 {[%emt 0:00:58]} 15. Nfd2 {[%emt 0:00:24]} Bxg2 {[%emt 0:02:18]} 16. Kxg2 {[%emt 0:00:06]} Nb8 {[%emt 0:00:10]} 17. Nb3 {[%emt 0:08:09]} Nc6 {[%emt 0:00:06]} 18. e4 {[%emt 0:01:49]} Nd4 {[%emt 0:08:29]} 19. Qd1 {[%emt 0:23:36]} Nxb3 {[%emt 0:00:27]} 20. Qxb3 {[%emt 0:00:04]} Nd7 {[%emt 0:00:20]} 21. Be3 {[%emt 0:01:53]} O-O {[%emt 0:03:47]} 22. f4 {[%emt 0:01:20]} Rc6 {[%emt 0:02:36]} 23. Qd1 {[%emt 0:01:16]} Qa8 {[%emt 0:10:53]} 24. Qf3 {[%emt 0:03:16]} Nb6 {[%emt 0:00:11]} 25. Rfd1 {[%emt 0:05:22]} Nxc4 {[%emt 0:04:45]} 26. dxc4 {[%emt 0:00:06]} Rd8 {[%emt 0:00:03]} 27. e5 {[%emt 0:01:30]} Rcc8 {[%emt 0:01:43]} 28. Rxd8+ {[%emt 0:01:04]} Rxd8 {[%emt 0:00:05]} 29. Qxa8 {[%emt 0:00:05]} Rxa8 {[%emt 0:00:03]} 30. Rd1 {[%emt 0:00:06]} Ra7 {[%emt 0:00:02]} 31. g4 {[%emt 0:03:28]} Rb7 {[%emt 0:03:30]} 32. b3 {[%emt 0:01:07]} Kf8 {[%emt 0:00:10]} 33. f5 {[%emt 0:00:37]} Ke8 {[%emt 0:03:44]} 34. Kf3 {[%emt 0:05:50]} g6 {[%emt 0:01:20]} 35. f6 {[%emt 0:04:10]} Bf8 {[%emt 0:00:04]} 36. Ke2 {[%emt 0:00:14]} Rd7 {[%emt 0:09:32]} 37. Rf1 {[%emt 0:00:12]} h6 {[%emt 0:00:51]} 38. Rf3 {[%emt 0:00:13]} Kd8 {[%emt 0:00:06]} 39. Rh3 {[%emt 0:00:08]} g5 {[%emt 0:00:02]} 40. Rh5 {[%emt 0:03:57]} Kc7 {[%emt 0:00:04]} 41. h4 {[%emt 0:00:17]} gxh4 {[%emt 0:00:09]} 42. Rxh4 {[%emt 0:00:05]} Kc6 {[%emt 0:00:03]} 43. Rh1 {[%emt 0:06:56]} Rd8 {[%emt 0:01:39]} 44. Rd1 {[%emt 0:02:55]} Re8 {[%emt 0:00:26]} 45. Kf3 {[%emt 0:00:11]} Kc7 {[%emt 0:00:04]} 46. Kg3 {[%emt 0:00:08]} Ra8 {[%emt 0:00:10]} 47. Kh4 {[%emt 0:00:10]} Rb8 {[%emt 0:00:06]} 48. Kh5 {[%emt 0:00:08]} Rc8 {[%emt 0:00:05]} 49. Rd3 {[%emt 0:00:16]} Ra8 {[%emt 0:00:17]} 50. Bxh6 {[%emt 0:03:43]} Bxh6 {[%emt 0:00:18]} 51. Kxh6 {[%emt 0:00:04]} Rg8 {[%emt 0:00:21]} 52. g5 {[%emt 0:00:17]} Rg6+ {[%emt 0:00:55]} 53. Kh5 {[%emt 0:00:07]} Rg8 {[%emt 0:00:05]} 54. Kg4 {[%emt 0:00:00] Kd8} 1-0

[Event "VIII Lorca Open-A 2019"]
[Site "Lorca"]
[Date "2019.12.29"]
[Round "6.8"]
[White "Harutyunian, Tigran K."]
[Black "Martinez Fernandez, Adrian"]
[Result "1-0"]
[WhiteElo "2540"]
[BlackElo "2354"]
[Annotator "ChessBase"]
[PlyCount "87"]
[EventDate "2019.12.26"]
[EventType "swiss"]
[EventCountry "ESP"]
[SourceTitle "playchess.com"]
[Source "ChessBase"]
[SourceQuality "1"]
[TimeControl "5400+30"]

1. Nf3 {[%emt 0:00:17]} c5 {[%emt 0:00:00]} 2. c4 {[%emt 0:01:19]} g6 {[%emt 0:00:00]} 3. e4 {[%emt 0:00:22]} Bg7 {[%emt 0:01:14]} 4. d4 {[%emt 0:00:08]} cxd4 {[%emt 0:00:05]} 5. Nxd4 {[%emt 0:00:06]} Nc6 {[%emt 0:00:04]} 6. Be3 {[%emt 0:00:16]} Nf6 {[%emt 0:00:05]} 7. Nc3 {[%emt 0:00:34]} O-O {[%emt 0:00:06]} 8. Be2 {[%emt 0:00:19]} b6 {[%emt 0:00:04]} 9. O-O {[%emt 0:02:30]} Bb7 {[%emt 0:00:05]} 10. f3 {[%emt 0:00:05]} Qb8 {[%emt 0:00:06]} 11. Qd2 {[%emt 0:03:20]} Rd8 {[%emt 0:00:06]} 12. Ndb5 {[%emt 0:09:03]} d6 {[%emt 0:01:39]} 13. Nd5 {[%emt 0:02:54]} Rd7 {[%emt 0:03:17]} 14. Rfd1 {[%emt 0:01:41]} Qf8 {[%emt 0:05:36]} 15. Rac1 {[%emt 0:01:18]} Ne8 {[%emt 0:04:56]} 16. f4 {[%emt 0:05:34]} e6 {[%emt 0:07:33]} 17. Ndc3 {[%emt 0:00:26]} Rad8 {[%emt 0:06:24]} 18. Bf3 {[%emt 0:00:30]} Nc7 {[%emt 0:03:27]} 19. Nxc7 {[%emt 0:15:52]} Rxc7 {[%emt 0:00:54]} 20. Nb5 {[%emt 0:00:12]} Rcd7 {[%emt 0:00:09]} 21. e5 {[%emt 0:01:04]} dxe5 {[%emt 0:29:15]} 22. Qxd7 {[%emt 0:00:09]} Rxd7 {[%emt 0:00:03]} 23. Rxd7 {[%emt 0:00:07]} Nd4 {[%emt 0:00:28]} 24. Rxb7 {[%emt 0:14:16]} Nxf3+ {[%emt 0:00:08]} 25. gxf3 {[%emt 0:00:05]} Qa8 {[%emt 0:03:30]} 26. c5 {[%emt 0:02:49]} bxc5 {[%emt 0:03:21]} 27. Rd7 {[%emt 0:04:29]} Qxf3 {[%emt 0:03:38]} 28. Bf2 {[%emt 0:05:02]} Qxf4 {[%emt 0:05:09]} 29. Rxc5 {[%emt 0:00:59]} Qg4+ {[%emt 0:03:53]} 30. Kf1 {[%emt 0:01:09]} Bh6 {[%emt 0:04:10]} 31. Rc8+ {[%emt 0:03:41]} Kg7 {[%emt 0:00:01]} 32. Rcc7 {[%emt 0:00:08]} Qh3+ {[%emt 0:00:22]} 33. Ke1 {[%emt 0:01:20]} Qxh2 {[%emt 0:00:47]} 34. Rxf7+ {[%emt 0:00:42]} Kg8 {[%emt 0:00:01]} 35. Nd6 {[%emt 0:00:32]} Qh1+ {[%emt 0:00:35]} 36. Ke2 {[%emt 0:00:08]} Qh5+ {[%emt 0:00:06]} 37. Rf3 {[%emt 0:00:59]} Bf4 {[%emt 0:00:46]} 38. Ne4 {[%emt 0:02:28]} Qf5 {[%emt 0:00:25]} 39. Rc4 {[%emt 0:01:29]} Kg7 {[%emt 0:01:09]} 40. Bh4 {[%emt 0:01:00]} Qg4 {[%emt 0:01:10]} 41. Rc7+ {[%emt 0:00:11]} Kf8 {[%emt 0:02:12]} 42. Be7+ {[%emt 0:00:16]} Kg7 {[%emt 0:00:31]} 43. Bd6+ {[%emt 0:00:15]} Kh6 {[%emt 0:00:49]} 44. Bf8+ {[%emt 0:00:22]} 1-0

[Event "VIII Lorca Open-A 2019"]
[Site "Lorca"]
[Date "2019.12.29"]
[Round "6.9"]
[White "Bjerre, Jonas Buhl"]
[Black "Guerra Rivera, Salvador"]
[Result "0-1"]
[WhiteElo "2526"]
[BlackElo "2314"]
[Annotator "TA"]
[PlyCount "88"]
[EventDate "2019.12.26"]
[EventType "swiss"]
[EventCountry "ESP"]
[SourceTitle "playchess.com"]
[Source "ChessBase"]
[SourceQuality "1"]

{[%evp 9,170,21,28,20,28,15,28,25,27,41,36,22,25,19,21,33,31,28,34,18,31,24,35,38,60,62,47,35,46,54,77,50,48,36,119,16,74,83,95,121,105,109,185,0,0,0,0,0,0,-9,-6,-90,-39,-15,-12,-44,0,0,0,0,0,0,-9,-1457,-173,-290,-280,-241,0,-206,-190,-211,-211,-243,-216,-222,-197,-271,-199,-315,631,-783,-178,-240,-133,-129,-103,-151,922,-224,-223,-243,-242,-216,-137,-210,-187,-191,-197,-202,-149,-206,-199,-185,-199,-269,-245,-413,-407,-380,-371,-535,-502,-541,-539,-1855,-1863,-29967,-29968,-29972,-29964,-29978,-9672,-5435,-7818,-29976,-29975,-29978,-29978,-29980,-29981,-29980,-29981,-29985,-29986,-29986,-78,-29997,-29986,-29986,-29984,-29984,-29985,-29987,-29988,-29988,-29989,-29989,-29989,-29989,-29989,-29992,-29990,-29991,-29992,-29992,-29993,-29993,-29994,-29994,-29994,-29995,-29996]} 1. e4 e6 2. d4 d5 3. Nd2 Be7 4. e5 c5 5. c3 Nc6 6. Bd3 {C03: French Tarrasch: Unusual Black 3rd moves} ({Predecessor:} 6. Ndf3 cxd4 7. cxd4 Bd7 8. Bd3 {½-½ (28) Manik,M (2407)-Hausner,I (2331) Slovakia 2016}) 6... cxd4 $146 (6... Bd7 7. Qg4 Kf8 8. Ne2 h5 9. Qf3 cxd4 10. cxd4 Qb6 11. Nb3 a5 12. Nf4 Ke8 13. Nxh5 a4 14. Nxg7+ {1-0 (46) Mamedov,R (2703)-Lagarde,M (2616) Skopje 2018}) 7. cxd4 Qb6 ({Not} 7... Nxd4 $2 8. Qg4 $18) 8. Ndf3 {White has an edge.} Bd7 ({Avoid the trap} 8... Nxd4 $2 9. Nxd4 Bd7 10. Ngf3 $18) 9. Ne2 Nb4 10. Bb1 Bb5 11. O-O Qa6 12. Re1 Nd3 13. Bxd3 $1 Bxd3 14. Nc3 Bd8 15. Re3 Bg6 16. a4 Nh6 17. Nb5 O-O 18. Rc3 Ba5 19. Rc5 Qb6 20. Bxh6 gxh6 21. Qc1 Bb4 ({Black should play} 21... h5 $14) 22. Rc7 (22. a5 $1 $16 {[%cal Ra5b6]} Qd8 23. Qxh6) 22... a6 (22... Be4 $11 {remains equal.}) 23. Nd6 $1 $16 {And now a5 would win.} Bxd6 24. exd6 Qxd6 25. Ne5 Qb4 (25... Kg7 $16) 26. Qf4 $2 ({White has to play} 26. Nd7 $1 $18) 26... Rac8 $11 ({Don't play} 26... Qxb2 $6 27. Rac1 $16) 27. Rd7 Qxb2 28. Rf1 h5 29. g4 h4 30. g5 (30. Rd6 $11) 30... Rc4 (30... Bf5 $1 $17 {Threatens to win with ...h3.} 31. Rd6 Rc7) 31. Nxc4 $15 dxc4 32. Qf6 Qe2 {( -> ...Qg4+)} 33. Rd8 Qg4+ $40 {[%mdl 128] Black attacks.} 34. Kh1 Qf5 (34... Qe4+ {with more complications.} 35. Kg1 Rxd8 36. Qxd8+ Kg7 37. Qf6+ Kg8) 35. Qxf5 Bxf5 $11 {[%mdl 4096] Endgame KRR-KRB} 36. g6 $2 {[%mdl 8192]} (36. Rxf8+ $11 Kxf8 37. a5) 36... Bxg6 $2 (36... Rxd8 37. Rc1 Rxd4) 37. Rd6 (37. Rxf8+ {only move.} Kxf8 38. a5) 37... c3 38. Rc1 Bf5 $2 (38... c2 $19 39. Kg1 Rc8) 39. Kg2 $2 (39. Rxc3 $11 Be4+ 40. Kg1) 39... c2 40. Kf1 Rc8 41. a5 Rc4 42. Ke2 Ra4 43. Rb6 (43. Rd7 $142) 43... Rxa5 44. f3 (44. Rg1+ $142 Kf8 45. Rxb7) 44... Rd5 {Played: Bf5-e4} 0-1

[Event "VIII Lorca Open-A 2019"]
[Site "Lorca"]
[Date "2019.12.29"]
[Round "6.10"]
[White "Mingarro Carceller, Sergi"]
[Black "Maiorov, Nikita"]
[Result "0-1"]
[WhiteElo "2359"]
[BlackElo "2523"]
[Annotator "ChessBase"]
[PlyCount "48"]
[EventDate "2019.12.26"]
[EventType "swiss"]
[EventCountry "ESP"]
[SourceTitle "playchess.com"]
[Source "ChessBase"]
[SourceQuality "1"]
[TimeControl "5400+30"]

1. e4 {[%emt 0:00:00]} e5 {[%emt 0:01:42]} 2. Nf3 {[%emt 0:00:00]} Nc6 {[%emt 0:00:04]} 3. d4 {[%emt 0:00:01]} exd4 {[%emt 0:00:04]} 4. Nxd4 {[%emt 0:00:09]} Bc5 {[%emt 0:00:24]} 5. Nb3 {[%emt 0:00:16]} Bb6 {[%emt 0:00:04]} 6. Qe2 {[%emt 0:00:23]} a5 {[%emt 0:01:13]} 7. a4 {[%emt 0:03:18]} Nge7 {[%emt 0:02:53]} 8. Be3 {[%emt 0:03:35]} Bxe3 {[%emt 0:05:30]} 9. Qxe3 {[%emt 0:00:31]} O-O {[%emt 0:11:04]} 10. Nc3 {[%emt 0:03:16]} f5 {[%emt 0:01:38]} 11. O-O-O {[%emt 0:07:41]} f4 {[%emt 0:00:29]} 12. Qd2 {[%emt 0:01:37]} d6 {[%emt 0:00:37]} 13. h4 {[%emt 0:06:21]} Ne5 {[%emt 0:03:43]} 14. f3 {[%emt 0:04:43]} Rf6 {[%emt 0:06:31]} 15. h5 {[%emt 0:09:17]} Bd7 {[%emt 0:01:03]} 16. Rh4 {[%emt 0:03:24]} Qf8 {[%emt 0:00:33]} 17. Be2 {[%emt 0:02:59]} Qf7 {[%emt 0:12:27]} 18. g3 {[%emt 0:13:59]} g5 {[%emt 0:19:52]} 19. hxg6 {[%emt 0:05:03]} N7xg6 {[%emt 0:00:03]} 20. Nd5 {[%emt 0:04:42]} Nxh4 {[%emt 0:02:37]} 21. Nxf6+ {[%emt 0:01:37]} Qxf6 {[%emt 0:00:04]} 22. gxh4 {[%emt 0:00:09]} Bxa4 {[%emt 0:04:22]} 23. Qd5+ {[%emt 0:01:36]} Qf7 {[%emt 0:00:17]} 24. Qxb7 {[%emt 0:00:55]} Bc6 {[%emt 0:00:23]} 0-1

[Event "VIII Lorca Open-A 2019"]
[Site "Lorca"]
[Date "2019.12.29"]
[Round "6.11"]
[White "Sosa, Tomas"]
[Black "Kiselev, Pavel"]
[Result "1/2-1/2"]
[WhiteElo "2520"]
[BlackElo "2303"]
[Annotator "ChessBase"]
[PlyCount "90"]
[EventDate "2019.12.26"]
[EventType "swiss"]
[EventCountry "ESP"]
[SourceTitle "playchess.com"]
[Source "ChessBase"]
[SourceQuality "1"]
[TimeControl "5400+30"]

1. e4 {[%emt 1:30:30]} c5 {[%emt 1:30:30]} 2. Nf3 {[%emt 0:00:30]} e6 {[%emt 0:00:30]} 3. d4 {[%emt 0:00:30]} cxd4 {[%emt 0:00:30]} 4. Nxd4 {[%emt 0:00:30]} Nc6 {[%emt 0:00:30]} 5. Nc3 {[%emt 0:00:30]} Qc7 {[%emt 0:00:30]} 6. Be3 {[%emt 0:00:30]} Nf6 {[%emt 0:00:30]} 7. f4 {[%emt 0:00:30]} d6 {[%emt 0:00:30]} 8. Qf3 {[%emt 0:00:30]} Be7 {[%emt 0:00:30]} 9. O-O-O {[%emt 0:00:30]} O-O {[%emt 0:00:30]} 10. Ndb5 {[%emt 0:00:30]} Qb8 {[%emt 0:00:30]} 11. g4 {[%emt 0:00:30]} a6 {[%emt 0:00:30]} 12. Nd4 {[%emt 0:00:30]} Nxd4 {[%emt 0:00:30]} 13. Bxd4 {[%emt 0:00:30]} e5 {[%emt 0:00:30]} 14. g5 {[%emt 0:00:30]} Bg4 {[%emt 0:00:30]} 15. Qg3 {[%emt 0:00:30]} exd4 {[%emt 0:00:30]} 16. gxf6 {[%emt 0:00:30]} dxc3 {[%emt 0:00:30]} 17. h3 {[%emt 0:00:30]} Bxf6 {[%emt 0:00:30]} 18. hxg4 {[%emt 0:00:30]} Qc7 {[%emt 0:00:30]} 19. g5 {[%emt 0:00:30]} cxb2+ {[%emt 0:00:30]} 20. Kb1 {[%emt 0:00:30]} Rfc8 {[%emt 0:00:30]} 21. Qh2 {[%emt 0:00:30]} Bc3 {[%emt 0:00:30]} 22. Qxh7+ {[%emt 0:00:30]} Kf8 {[%emt 0:00:30]} 23. e5 {[%emt 0:00:30]} dxe5 {[%emt 0:00:30]} 24. Bc4 {[%emt 0:00:30]} Qxc4 {[%emt 0:00:30]} 25. Rd7 {[%emt 0:00:30]} Ke8 {[%emt 0:00:30]} 26. Rxb7 {[%emt 0:00:30]} Rc7 {[%emt 0:00:30]} 27. Rxc7 {[%emt 0:00:30]} Qxc7 {[%emt 0:00:30]} 28. Qg8+ {[%emt 0:00:30]} Ke7 {[%emt 0:00:30]} 29. Qxa8 {[%emt 0:00:30]} exf4 {[%emt 0:00:30]} 30. Qxa6 {[%emt 0:00:30]} g6 {[%emt 0:00:30]} 31. Qa3+ {[%emt 0:00:30]} Ke6 {[%emt 0:00:30]} 32. Rh3 {[%emt 0:00:30]} Be5 {[%emt 0:00:30]} 33. Qd3 {[%emt 0:00:30]} Qe7 {[%emt 0:00:30]} 34. Qc4+ {[%emt 0:00:30]} Kf5 {[%emt 0:00:30]} 35. Rh7 {[%emt 0:00:30]} Kxg5 {[%emt 0:00:30]} 36. Rxf7 {[%emt 0:00:30]} Qd6 {[%emt 0:00:30]} 37. Qe2 {[%emt 0:00:30]} Qd5 {[%emt 0:00:30]} 38. Rh7 {[%emt 0:00:30]} f3 {[%emt 0:00:30]} 39. Qe3+ {[%emt 0:00:30]} Kf5 {[%emt 0:00:30]} 40. Rh1 {[%emt 0:00:30]} Qe4 {[%emt 0:00:30]} 41. Qd2 {[%emt 0:00:30]} g5 {[%emt 0:00:30]} 42. Qd7+ {[%emt 0:00:30]} Kf4 {[%emt 0:00:30]} 43. Qd2+ {[%emt 0:00:30]} Kf5 {[%emt 0:00:30]} 44. Qd7+ {[%emt 0:00:30]} Kf4 {[%emt 0:00:30]} 45. Qd2+ {[%emt 0:00:30]} Kf5 {[%emt 0:00:30]} 1/2-1/2

[Event "VIII Lorca Open-A 2019"]
[Site "Lorca"]
[Date "2019.12.29"]
[Round "6.12"]
[White "Barbero Sendic, Alejandro"]
[Black "Holm, Kristian Stuvik"]
[Result "1/2-1/2"]
[WhiteElo "2336"]
[BlackElo "2489"]
[Annotator "ChessBase"]
[PlyCount "54"]
[EventDate "2019.12.26"]
[EventType "swiss"]
[EventCountry "ESP"]
[SourceTitle "playchess.com"]
[Source "ChessBase"]
[SourceQuality "1"]
[TimeControl "5400+30"]

1. e4 {[%emt 0:02:55]} c5 {[%emt 0:00:00]} 2. Nf3 {[%emt 0:00:11]} Nc6 {[%emt 0:00:00]} 3. Bb5 {[%emt 0:00:09]} g6 {[%emt 0:00:00]} 4. O-O {[%emt 0:00:12]} Bg7 {[%emt 0:00:00]} 5. Nc3 {[%emt 0:00:15]} e5 {[%emt 0:01:49]} 6. a3 {[%emt 0:00:28]} Nge7 {[%emt 0:00:44]} 7. b4 {[%emt 0:00:30]} d6 {[%emt 0:01:30]} 8. bxc5 {[%emt 0:01:31]} dxc5 {[%emt 0:00:04]} 9. Bc4 {[%emt 0:00:32]} O-O {[%emt 0:00:51]} 10. d3 {[%emt 0:05:07]} h6 {[%emt 0:02:23]} 11. Rb1 {[%emt 0:07:43]} b6 {[%emt 0:04:04]} 12. Nd5 {[%emt 0:04:31]} Qd6 {[%emt 0:12:40]} 13. Bd2 {[%emt 0:06:15]} Be6 {[%emt 0:02:14]} 14. Ne3 {[%emt 0:01:36]} Rab8 {[%emt 0:02:18]} 15. Re1 {[%emt 0:02:07]} Rfd8 {[%emt 0:02:30]} 16. h3 {[%emt 0:04:32]} Bxc4 {[%emt 0:11:21]} 17. Nxc4 {[%emt 0:00:33]} Qe6 {[%emt 0:00:24]} 18. a4 {[%emt 0:03:07]} Kh7 {[%emt 0:08:02]} 19. Rb5 {[%emt 0:05:34]} Nc8 {[%emt 0:05:32]} 20. Qb1 {[%emt 0:00:33]} Nd6 {[%emt 0:00:47]} 21. Nxd6 {[%emt 0:00:06]} Rxd6 {[%emt 0:00:24]} 22. Bc3 {[%emt 0:02:28]} c4 {[%emt 0:11:22]} 23. a5 {[%emt 0:03:23]} cxd3 {[%emt 0:00:33]} 24. cxd3 {[%emt 0:00:11]} Rbd8 {[%emt 0:02:45]} 25. axb6 {[%emt 0:05:50]} Rxd3 {[%emt 0:02:21]} 26. Ba1 {[%emt 0:03:26]} axb6 {[%emt 0:01:42]} 27. Rxb6 {[%emt 0:00:07]} R3d6 {[%emt 0:00:51]} 1/2-1/2

[Event "VIII Lorca Open-A 2019"]
[Site "Lorca"]
[Date "2019.12.29"]
[Round "6.13"]
[White "Peng, Li Min"]
[Black "Alonso Garcia, Aaron"]
[Result "*"]
[WhiteElo "2451"]
[BlackElo "2258"]
[Annotator "ChessBase"]
[PlyCount "34"]
[EventDate "2019.12.26"]
[EventType "swiss"]
[EventCountry "ESP"]
[SourceTitle "playchess.com"]
[Source "ChessBase"]
[SourceQuality "1"]
[TimeControl "5400+30"]

1. c4 {[%emt 1:30:30]} e5 {[%emt 1:30:30]} 2. Nc3 {[%emt 0:00:30]} Nf6 {[%emt 0:00:30]} 3. Nf3 {[%emt 0:00:30]} Nc6 {[%emt 0:00:30]} 4. e3 {[%emt 0:00:30]} d5 {[%emt 0:00:30]} 5. cxd5 {[%emt 0:00:30]} Nxd5 {[%emt 0:00:30]} 6. Bb5 {[%emt 0:00:30]} Nxc3 {[%emt 0:00:30]} 7. bxc3 {[%emt 0:00:30]} Bd6 {[%emt 0:00:30]} 8. O-O {[%emt 0:00:30]} e4 {[%emt 0:00:30]} 9. Nd4 {[%emt 0:00:30]} O-O {[%emt 0:00:30]} 10. Nxc6 {[%emt 0:00:30]} bxc6 {[%emt 0:00:30]} 11. Be2 {[%emt 0:00:30]} Re8 {[%emt 0:00:30]} 12. f4 {[%emt 0:00:30]} exf3 {[%emt 0:00:30]} 13. Bxf3 {[%emt 0:00:30]} Ba6 {[%emt 0:00:30]} 14. Rf2 {[%emt 0:00:30]} Rb8 {[%emt 0:00:30]} 15. d4 {[%emt 0:00:30]} c5 {[%emt 0:00:30]} 16. g3 {[%emt 0:00:30]} cxd4 {[%emt 0:00:30]} 17. cxd4 {[%emt 0:00:30]} c5 {[%emt 0:00:30]} *

[Event "VIII Lorca Open-A 2019"]
[Site "Lorca"]
[Date "2019.12.29"]
[Round "6.13"]
[White "Real De Azua, Ernesto"]
[Black "Arias Igual, Alejandro"]
[Result "0-1"]
[WhiteElo "2450"]
[BlackElo "2208"]
[Annotator "ChessBase"]
[PlyCount "88"]
[EventDate "2019.12.26"]
[EventType "swiss"]
[EventCountry "ESP"]
[SourceTitle "playchess.com"]
[Source "ChessBase"]
[SourceQuality "1"]
[TimeControl "5400+30"]

1. c4 {[%emt 1:30:30]} e5 {[%emt 1:30:30]} 2. Nc3 {[%emt 0:00:30]} Nf6 {[%emt 0:00:30]} 3. Nf3 {[%emt 0:00:30]} Nc6 {[%emt 0:00:30]} 4. e3 {[%emt 0:00:30]} d5 {[%emt 0:00:30]} 5. cxd5 {[%emt 0:00:30]} Nxd5 {[%emt 0:00:30]} 6. Bb5 {[%emt 0:00:30]} Nxc3 {[%emt 0:00:30]} 7. bxc3 {[%emt 0:00:30]} Bd6 {[%emt 0:00:30]} 8. O-O {[%emt 0:00:30]} e4 {[%emt 0:00:30]} 9. Nd4 {[%emt 0:00:30]} O-O {[%emt 0:00:30]} 10. Nxc6 {[%emt 0:00:30]} bxc6 {[%emt 0:00:30]} 11. Be2 {[%emt 0:00:30]} Re8 {[%emt 0:00:30]} 12. f4 {[%emt 0:00:30]} exf3 {[%emt 0:00:30]} 13. Bxf3 {[%emt 0:00:30]} Ba6 {[%emt 0:00:30]} 14. Rf2 {[%emt 0:00:30]} Rb8 {[%emt 0:00:30]} 15. d4 {[%emt 0:00:30]} c5 {[%emt 0:00:30]} 16. g3 {[%emt 0:00:30]} cxd4 {[%emt 0:00:30]} 17. cxd4 {[%emt 0:00:30]} c5 {[%emt 0:00:30]} 18. Ba3 {[%emt 0:00:30]} cxd4 {[%emt 0:00:30]} 19. Bxd6 {[%emt 0:00:30]} dxe3 {[%emt 0:00:30]} 20. Bxb8 {[%emt 0:00:30]} exf2+ {[%emt 0:00:30]} 21. Kxf2 {[%emt 0:00:30]} Qb6+ {[%emt 0:00:30]} 22. Kg2 {[%emt 0:00:30]} Qb2+ {[%emt 0:00:30]} 23. Kg1 {[%emt 0:00:30]} Rxb8 {[%emt 0:00:30]} 24. Rc1 {[%emt 0:00:30]} Qb6+ {[%emt 0:00:30]} 25. Kg2 {[%emt 0:00:30]} Bb7 {[%emt 0:00:30]} 26. Rc2 {[%emt 0:00:30]} g6 {[%emt 0:00:30]} 27. Bxb7 {[%emt 0:00:30]} Qxb7+ {[%emt 0:00:30]} 28. Qf3 {[%emt 0:00:30]} Kg7 {[%emt 0:00:30]} 29. Qxb7 {[%emt 0:00:30]} Rxb7 {[%emt 0:00:30]} 30. Kf3 {[%emt 0:00:30]} h5 {[%emt 0:00:30]} 31. Rd2 {[%emt 0:00:30]} Rb4 {[%emt 0:00:30]} 32. Rc2 {[%emt 0:00:30]} Ra4 {[%emt 0:00:30]} 33. Rb2 {[%emt 0:00:30]} h4 {[%emt 0:00:30]} 34. Rc2 {[%emt 0:00:30]} hxg3 {[%emt 0:00:30]} 35. hxg3 {[%emt 0:00:30]} f5 {[%emt 0:00:30]} 36. Kg2 {[%emt 0:00:30]} Ra3 {[%emt 0:00:30]} 37. Rd2 {[%emt 0:00:30]} g5 {[%emt 0:00:30]} 38. Rc2 {[%emt 0:00:30]} a5 {[%emt 0:00:30]} 39. Rb2 {[%emt 0:00:30]} a4 {[%emt 0:00:30]} 40. Kf2 {[%emt 0:00:30]} Kg6 {[%emt 0:00:30]} 41. Kg2 {[%emt 0:00:30]} Kh5 {[%emt 0:00:30]} 42. Rc2 {[%emt 0:00:30]} Kg4 {[%emt 0:00:30]} 43. Rc4+ {[%emt 0:00:30]} f4 {[%emt 0:00:30]} 44. gxf4 {[%emt 0:00:30]} Rxa2+ {[%emt 0:00:30]} 0-1